000 00423nam a2200145Ia 4500
008 230917s9999||||xx |||||||||||||| ||und||
040 _e151221
_aMAIN
041 _aEnglish
082 _a342.7 H212H
100 _aHarsh, Bhanwar Lal
245 0 _aHuman rights law in India: Protection and implementation of the human rights act, 1993
260 _aNew Delhi
_bRegal Publications
_c2008
300 _a397 p.
942 _cBK
999 _c149192
_d149192